Induced oxidation

Guardat en:
Dades bibliogràfiques
Autor principal: Jorissen, W. P (Autor)
Format: Llibre
Idioma:anglès
Publicat: Amsterdam Elsevier Publishing 1959
Matèries:
Etiquetes: Afegir etiqueta
Sense etiquetes, Sigues el primer a etiquetar aquest registre!

MARC

LEADER 00000nam a2200000 a 4500
001 UCU3814
003 CL-VaPUC
008 960510e19590000NE |||||||||||||||||eng|d
082 0 4 |a 541.393  |b JOR  |2 21 
100 0 |a Jorissen, W. P  |e author  |9 360964 
245 1 0 |a Induced oxidation 
300 |a 208 p 
942 |c BK 
945 |d 19960510 00:00:00  |a lriquelm 
260 |a Amsterdam  |b Elsevier Publishing  |c 1959 
650 0 |a Oxidación  |9 326616 
650 0 |a Reacciones químicas  |9 259438 
650 0 |a Catálisis  |9 259915 
650 0 |a Líquidos  |9 260946 
583 |a last modification  |c 19960510 00:00:00  |k Rodrigo Vera 
999 |c 247693  |d 247691